banner koha

Avaliacao de cultivares de milho para as regioes centro e norte de Mato Grosso do Sul, resultados do ano agricola 1989/1990 (Registro n. 284136)

MARC details
000 -LÍDER
campo de controle de tamanho fixo 01413nac a22003737a 4500
001 - NÚMERO DE CONTROLE
campo de controle BR9202961
003 - IDENTIFICADOR DO NÚMERO DE CONTROLE
campo de controle BR-BrBNA
005 - DATA E HORÁRIO DA ÚLTIMA TRANSAÇÃO
campo de controle 20240105121234.0
008 - CAMPO DE DADOS FIXOS--INFORMAÇÃO GERAL
campo de controle de tamanho fixo 230509b bl.|||m| |||| 00| 0 por d
040 ## - FONTE DA CATALOGAÇÃO
Instituição da catalogação original BR-BrBNA
Idioma da catalogação por
Instituição que transcreveu o registro Biblioteca Nacional de Agricultura
072 ## - CÓDIGO DE CATEGORIA DE ASSUNTO
Código de Categoria de Assunto F30
090 ## - NÚMERO DE CHAMADA LOCAL
Número de chamada 0120 BR9202961
100 1# - ENTRADA PRINCIPAL--NOME PESSOAL
Nome pessoal Arias, E.R.A.
100 1# - ENTRADA PRINCIPAL--NOME PESSOAL
Nome pessoal Pereira, P.J.
100 1# - ENTRADA PRINCIPAL--NOME PESSOAL
Nome pessoal Andrade, J.A. da C.
100 1# - ENTRADA PRINCIPAL--NOME PESSOAL
Nome pessoal Rosalen, A.L.
100 1# - ENTRADA PRINCIPAL--NOME PESSOAL
Nome pessoal Dias, A.F.
100 1# - ENTRADA PRINCIPAL--NOME PESSOAL
Nome pessoal Jorge, A.D.C.
100 1# - ENTRADA PRINCIPAL--NOME PESSOAL
Nome pessoal Padovan, M.P.
100 1# - ENTRADA PRINCIPAL--NOME PESSOAL
Nome pessoal Santos, R.R. dos
100 1# - ENTRADA PRINCIPAL--NOME PESSOAL
Nome pessoal Ximenes Junior, R.B.
110 1# - ENTRADA PRINCIPAL--NOME CORPORATIVO
Nome corporativo ou nome da jurisdição Empresa de Pesquisa, Assistencia Tecnica e Extensao Rural de Mato Grosso do Sul, Campo Grande (Brasil)
245 1# - TÍTULO
Título Avaliacao de cultivares de milho para as regioes centro e norte de Mato Grosso do Sul, resultados do ano agricola 1989/1990
246 1# - FORMA VARIANTE DO TÍTULO
Título/título abreviado [Evaluation of maize cultivars in north and center regions of Mato Grosso do Sul state, Brazil, results for the agricultural year 1989/1990!
260 3# - PUBLICAÇÃO, DISTRIBUIÇÃO, ETC.
Local de publicação, distribuição, etc. Campo Grande, MS (Brasil):
Data da publicação, distribuição, etc. 1990.
300 ## - DESCRIÇÃO FÍSICA
Extensão 50 p.
490 ## - TÍTULO DA SÉRIE
Título da série Pesquisa em Andamento - Empresa de Pesquisa, Assistencia Tecnica e Extensao Rural de Mato Grosso do Sul (Brazil)
Número do volume ou designação sequencial da série no. 39
ISSN - International Standard Serial Number ISSN 0101-9651
500 ## - NOTA GERAL
Nota geral 42 tables
650 ## - ASSUNTO--TERMO TÓPICO
Cabeçalho tópico ou nome geográfico MILHO
650 ## - ASSUNTO--TERMO TÓPICO
Cabeçalho tópico ou nome geográfico VARIEDADE
650 ## - ASSUNTO--TERMO TÓPICO
Cabeçalho tópico ou nome geográfico MATO GROSSO DO SUL
909 ## -
-- 202312
-- Lúcia Elande
-- 55
-- Lúcia Elande
942 ## - ELEMENTOS DE ENTRADA ADICIONADOS (KOHA)
Fonte da classificação ou esquema de arquivamento na estante Classificação AGRIS
Ocultar no OPAC Não
Tipo de material Koha Monografia Seriada
Exemplares
Situação do descarte Fonte da classificação ou esquema de arquivamento na estante Situação física Não pode ser emprestado Coleção Biblioteca de origem Biblioteca atual Localização na estante Total de empréstimos Número de telefone completo Código de barras Data de último acesso Tipo de material Koha Fonte de aquisição
  Classificação AGRIS       Biblioteca Nacional de Agricultura - Binagri Biblioteca Nacional de Agricultura - Binagri Agrobase - Acervo Geral   0120 BR9202961 0120 BR9202961 18/12/2023 Monografia Seriada Portaria Interministerial nº 164/94

BINAGRI

Telefone: (61)3218-2567/2388/3357/2097 - binagri@agro.gov.br

Ministério da Agricultura e Pecuária , Esplanada dos Ministérios, Bloco D, Anexo B, Brasília/DF, CEP: 70.043-900